000 00541nam a22001577a 4500
003 SISC
005 20170615113517.0
008 170615b xxu||||| |||| 00| 0 eng d
020 _a9789710426294
050 _aGE 155.A85
_b.N285 2014
245 _aNature and culture :
_benvironmental issues in Asia /
_cRosalina Palanca-Tan, editor.
260 _aQuezon City :
_bAteneo Center for Asian Studies,
_c2014.
300 _axiv, 115 pages :
_billustrations ;
_c22 cm.
500 _aIncludes bibliographical references and index.
942 _2lcc
_cBK
999 _c335234
_d335234